WWF Champions - Sudden Death (WWE) - Statistics

General Stats
  • This quiz has been taken 372 times
  • The average score is 12 of 20
Answers on the Grid
Answers color-coded by a green-red scale on the quiz's grid according to % correct below.
Andre The Giant
King Kong Bundy
Harley Race
Hulk Hogan
The Iron Sheik
Nikolai Volkoff
Ravishing Rick Rude
Mr Perfect
Macho Man Randy Savage
Jake The Snake Roberts
The Nature Boy Ric Flair
Pedro Morales
Ken Patera
Tito Santana
The Model Rick Martel
Crush
Diesel
Bob Backlund
Bruno Sammartino
The Outlaw Ron Bass
The Ultimate Warrior
Big Boss Man
Shawn Michaels
Sgt Slaughter
Stan Stasiak
Sam Houston
Bret The Hitman Hart
The Honky Tonk Man
Greg The Hammer Valentine
Superstar Billy Graham
Haku
The Golden Boy Dan Spivey
Leaping Lanny Poffo
Ivan Koloff
Yokozuna
Jim The Anvil Neidhart
Nature Boy Buddy Rogers
Sycho Sid
The Undertaker
Hacksaw Jim Duggan
 
Answer Stats
Answer % Correct
Andre The Giant
93%
Hulk Hogan
85%
The Iron Sheik
70%
Macho Man Randy Savage
69%
Shawn Michaels
66%
The Nature Boy Ric Flair
66%
The Undertaker
66%
Bret The Hitman Hart
65%
The Ultimate Warrior
63%
Diesel
61%
Yokozuna
61%
Bruno Sammartino
60%
Bob Backlund
59%
Sgt Slaughter
56%
Sycho Sid
56%
Nature Boy Buddy Rogers
48%
Pedro Morales
48%
Superstar Billy Graham
45%
Ivan Koloff
43%
Stan Stasiak
38%
No matching quizzes found
Score Distribution
Percent of People with Each Score
Percentile by Number Answered
Your Score History
You have not taken this quiz